International List of Geographical Serials (Record no. 693967)

MARC details
000 -LEADER
fixed length control field 00773nam a2200253Ia 4500
003 - CONTROL NUMBER IDENTIFIER
control field OSt
005 - DATE AND TIME OF LATEST TRANSACTION
control field 20220927105709.0
008 - FIXED-LENGTH DATA ELEMENTS--GENERAL INFORMATION
fixed length control field 220926b |||||||| |||| 00| 0 eng d
037 ## - SOURCE OF ACQUISITION
Terms of availability Reference Collections
040 ## - CATALOGING SOURCE
Original cataloging agency RTL
Transcribing agency RTL
Language of cataloging eng
041 ## - LANGUAGE CODE
Source of code eng
Language code of text/sound track or separate title eng
100 ## - MAIN ENTRY--PERSONAL NAME
Personal name Harris Chauncy D
9 (RLIN) 374259
245 #0 - TITLE STATEMENT
Title International List of Geographical Serials
260 ## - PUBLICATION, DISTRIBUTION, ETC.
Place of publication, distribution, etc. Chicago
Name of publisher, distributor, etc. University of Chicago Department of Geography
Date of publication, distribution, etc. 1971
300 ## - PHYSICAL DESCRIPTION
Extent 267p.
Dimensions cm.
500 ## - GENERAL NOTE
General note Appendix: P 177-87
700 ## - ADDED ENTRY--PERSONAL NAME
Personal name Fellmann Jerome D
9 (RLIN) 374260
942 ## - ADDED ENTRY ELEMENTS (KOHA)
Classification part "Um73:N48, L1/RR"
Koha item type
Holdings
Withdrawn status Lost status Damaged status Not for loan Home library Current library Date acquired Total Checkouts Full call number Barcode Date last seen Price effective from Koha item type
        Ratan Tata Library Ratan Tata Library 2022-09-27   "Um73:N48 L1/RR" RT0398307 2022-09-27 2022-09-27  
Copyright @ Delhi University Library System